My Hero Academia - Alter de la Seconde A - Statistiques

Statistiques générales
  • Ce quiz a été pris 270 fois
  • Le résultat moyen est 11 sur 20
Statistiques - réponses
Élève Alter % Correct
Tsuyu Asui Grenouille
90%
Mina Ashido Acide
88%
Izuku Midoriya One for All
88%
Katsuki Bakugo Explosion
85%
Denki Kaminari Électricité
77%
Momo Yaoyorozu Création
75%
Eijiro Kirishima Durcissement
65%
Yuga Aoyama Nombrilaser
64%
Fumikage Tokoyami Dark Shadow
63%
Ochaco Uraraka Gravité Zero
62%
Toru Hagakure Invisibilité
61%
Shoto Todoroki Glace et Feu
58%
Tenya Iida Engine
41%
Kyoka Jiro Earphone Jack
39%
Mashirao Ojiro Tail
38%
Hanta Sero Ruban Adhésif
34%
Minoru Mineta Boing Boing
23%
Rikido Sato Sugar Dope
23%
Koji Koda La voix du vivant
19%
Mezo Shoji Bras cloneurs
15%
Aucun quiz correspondant
Distribution des résultats
% des personnes avec chaque résultat
Percentile par nombre de réponses
Votre historique - résultats
Vous n’avez pas pris ce quiz